000 00510nam a2200205Ia 4500
003 OSt
005 20220527141305.0
008 210210b1929 xxu||||| |||| 00| 0 eng d
040 _cAL
041 _aEnglish
082 _a544/104
100 _aLOWRY (Martin T)
_939321
245 _aClass book of physical chemistry
260 _aLondon
_bMacmillan & Co. Ltd.
_c1929
300 _a436
690 _aInorganic Chemistry
_939322
700 _aSUGDEN (Samuel)
_939323
906 _a009760
942 _2ddc
_cBK
999 _c128085
_d128085